| 000 | 01220nam a22002057a 4500 | ||
|---|---|---|---|
| 008 | 110727s2001 ua||||| |||| 00| 0 ara d | ||
| 020 | _a9770906980 | ||
| 082 |
_222 _a297.272 _bخ ا ت |
||
| 100 | 1 |
_926444 _aخاتمى ، محمد |
|
| 245 |
_aالدين والفكر فى فخ الاستبداد : _bدراسة فى الفكر السياسى للمسلمين بين ازدهار الحضارة الإسلامية وانهيارها / _cمحمد خاتمى ؛ تعريب واختصار وتعليق ثريا محمد على ، علاء عبد العزيز السباعى |
||
| 260 |
_aالقاهرة : _bمكتبة الشروق ، _c2001. |
||
| 300 |
_a341 ص ؛ _c24 سم. |
||
| 504 | _aيشتمل على إرجاعات ببليوجرافية بعد كل فصل | ||
| 650 |
_913370 _aالإسلام والسياسة |
||
| 653 |
_bGeneral _cJuly2011 |
||
| 700 |
_926445 _aعلى ، ثريا محمد _eتعريب واختصار وتعليق |
||
| 700 |
_926446 _aالسباعى ، علاء عبد العزيز _eتعريب واختصار وتعليق |
||
| 942 |
_2ddc _cBB |
||
| 999 |
_c15745 _d15745 |
||